000 00657pam a2200193 a 4500
020 _a0070722161 (alk. paper)
082 0 0 _a624.15
_bXAN
_cL-NUST, P-49
100 1 _aXanthakos, Petros P.
_942403
245 1 0 _aSlurry walls as structural systems /
_cPetros P. Xanthakos.
250 _a2nd ed.
260 _aNew York :
_bMcGraw-Hill,
_cc1994.
300 _axvi, 855 p. :
_bill. ;
_c24 cm.
526 _a0
_b0
_c0
_d624_150000000000000_XAN
650 0 _aConcrete walls
_xDesign and construction.
_942404
650 0 _aDiaphragm walls
_xDesign and construction.
_942405
650 0 _aNUST
_96342
650 0 _aSlurry trench construction.
_942406
942 _2ddc
_cBK
999 _c546305
_d546305